Opening switches /

Bibliographic Details
Other Authors: Guenther, Arthur Henry, 1931-, Kristiansen, M. (Magne), 1932-, Martin, T. H. (Thomas H.)
Format: Book
Language:English
Published: New York : Plenum Press, [1987]
Series:Advances in pulsed power technology ; v. 1.
Subjects:

MARC

Tag First Indicator Second Indicator Subfields
LEADER 00000cam a2200000 a 4500
001 in00000011881
005 20151007051720.0
008 870619s1987 nyua b 00100 eng
010 |a  87016611  
020 |a 0306426641 
035 |a (OCoLC)16277390 
035 |9 AAA4427AM 
040 |a DLC  |c DLC  |d TXA  |d UtOrBLW 
049 |a TXAM  |c [A12619595] 
050 0 0 |a TK2831  |b .O64 1987 
082 0 |a 621.31/7  |2 19 
245 0 0 |a Opening switches /  |c edited by A. Guenther, M. Kristiansen, and T. Martin. 
264 1 |a New York :  |b Plenum Press,  |c [1987] 
264 4 |c ©1987 
300 |a xiv, 313 pages :  |b illustrations ;  |c 26 cm. 
336 |a text  |b txt  |2 rdacontent 
337 |a unmediated  |b n  |2 rdamedia 
338 |a volume  |b nc  |2 rdacarrier 
490 1 |a Advances in pulsed power technology ;  |v v. 1 
504 |a Includes bibliographical references and index. 
650 0 |a Electric switchgear. 
650 0 |a Pulse generators. 
650 0 |a Energy storage. 
700 1 |a Guenther, Arthur Henry,  |d 1931- 
700 1 |a Kristiansen, M.  |q (Magne),  |d 1932- 
700 1 |a Martin, T. H.  |q (Thomas H.) 
830 0 |a Advances in pulsed power technology ;  |v v. 1. 
999 |a MARS 
999 f f |s 4e4e3dc5-faac-38c8-9259-0762636d6d8e  |i ae5aed72-fb56-3caa-b731-2ec61584655f  |t 0 
952 f f |p ric  |a Texas A&M University  |b Rellis Campus  |c Joint Library Facility  |d Remote Storage  |t 0  |e TK2831 .O64 1987  |h Library of Congress classification  |i unmediated -- volume  |m A14812619595 
998 f f |a TK2831 .O64 1987  |t 0  |l Remote Storage